The fires they kept : poems /

Bibliographic Details
Main Author: Burkard, Michael, 1947-
Format: Book
Language:English
Published: Los Angeles : Metro Book Co., [1986]
Edition:1st ed.

MARC

Tag First Indicator Second Indicator Subfields
LEADER 00000cam a2200000 a 4500
001 in00000018608
005 20151007053306.0
008 860422s1986 cau 00010 eng
010 |a  86061224  
020 |a 0915371022 :  |c $16.95 
020 |a 0915371030 (pbk.) 
035 |a (OCoLC)14576478 
035 |9 AAB1108AM 
040 |a DLC  |c DLC  |d m/c  |d TXA  |d UtOrBLW 
049 |a TXAM  |c [A11084357] 
050 0 0 |a PS3552.U718  |b F57 1986 
082 0 |a 811/.54  |2 19 
100 1 |a Burkard, Michael,  |d 1947- 
245 1 4 |a The fires they kept :  |b poems /  |c by Michael Burkard. 
250 |a 1st ed. 
264 1 |a Los Angeles :  |b Metro Book Co.,  |c [1986] 
264 4 |c ©1986 
300 |a 104 pages ;  |c 24 cm. 
336 |a text  |b txt  |2 rdacontent 
337 |a unmediated  |b n  |2 rdamedia 
338 |a volume  |b nc  |2 rdacarrier 
999 |a MARS 
999 f f |s c6d94503-b42f-379e-987d-2ee7add82a6c  |i 8f696916-ec05-3fe3-9bbc-a563100c4506  |t 0 
952 f f |p ric  |a Texas A&M University  |b Rellis Campus  |c Joint Library Facility  |d Remote Storage  |t 0  |e PS3552.U718 F57 1986  |h Library of Congress classification  |i unmediated -- volume  |m A14811084357 
998 f f |a PS3552.U718 F57 1986  |t 0  |l Remote Storage